[Event "AUS-ch U18 Girls"]
[Site "Gold Coast"]
[Date "2020.01.22"]
[Round "1"]
[White "Lu, Lillian"]
[Black "Watkins, Rachel Jane"]
[Result "1-0"]
[WhiteElo "1651"]
[BlackElo "841"]
[PlyCount "39"]
[EventDate "2020.01.22"]
[EventType "swiss"]
[EventRounds "9"]
[EventCountry "AUS"]
[SourceTitle "EXT 2021"]
[Source "ChessBase"]
[SourceDate "2020.10.23"]
[SourceVersion "1"]
[SourceVersionDate "2020.10.23"]
[SourceQuality "1"]

1. e4 e5 2. Nf3 Nc6 3. Bb5 a6 4. Ba4 Nf6 5. 0-0 b5 6. Bb3 Bc5 7. c3 d6 8. d4 exd4 9. cxd4 Bb6 10. h3 0-0 11. Re1 Bb7 12. Bg5 Qc8 13. e5 Nd7 14. e6 fxe6 15. Bxe6+ Kh8 16. d5 Nd8 17. Be7 Re8 18. Nh4 Rxe7 19. Qh5 Rxe6 20. Qe8+ 1-0

[Event "Adelaide Lidums op"]
[Site "Adelaide"]
[Date "2019.12.11"]
[Round "7"]
[White "Watkins, Rachel Jane"]
[Black "Boldyrev, Nikita1111"]
[Result "1/2-1/2"]
[WhiteElo "1230"]
[BlackElo "1694"]
[PlyCount "94"]
[EventDate "2019.12.07"]
[EventType "swiss"]
[EventRounds "9"]
[EventCountry "AUS"]
[SourceTitle "CBM 193 Extra"]
[Source "ChessBase"]
[SourceDate "2020.01.31"]
[SourceVersion "1"]
[SourceVersionDate "2020.01.31"]
[SourceQuality "1"]

1. e4 c6 2. d4 d5 3. Nc3 dxe4 4. Nxe4 Nf6 5. Nxf6+ exf6 6. Nf3 Bd6 7. Bc4 0-0 8. Be3 Qe7 9. 0-0 Be6 10. Bb3 Nd7 11. Qd2 Nb6 12. Bf4 Rfd8 13. Bxd6 Qxd6 14. Rad1 a5 15. Bxe6 Qxe6 16. a3 Nc4 17. Qc3 Qd5 18. Rfe1 b5 19. Qb3 g6 20. c3 Re8 21. h3 Kf8 22. Rxe8+ Rxe8 23. Re1 Re4 24. Qc2 Rxe1+ 25. Nxe1 a4 26. Nd3 Qf5 27. Qe2 Qe6 28. Qxe6 fxe6 29. Kf1 Ke7 30. Ke2 Kd6 31. Kf3 e5 32. dxe5+ Nxe5+ 33. Nxe5 Kxe5 34. Ke3 Kd5 35. Kd3 h5 36. g3 g5 37. f3 f5 38. g4 hxg4 39. hxg4 f4 40. Kd2 Kc4 41. Kc2 c5 42. Kd2 Kb3 43. Kc1 Ka2 44. Kc2 Ka1 45. Kc1 Ka2 46. Kc2 c4 47. Kc1 Ka1 1/2-1/2

[Event "Adelaide Lidums op"]
[Site "Adelaide"]
[Date "2019.12.07"]
[Round "2"]
[White "Retnaraja, Athena Malar"]
[Black "Watkins, Rachel Jane"]
[Result "1-0"]
[WhiteElo "1322"]
[BlackElo "1230"]
[PlyCount "57"]
[EventDate "2019.12.07"]
[EventType "swiss"]
[EventRounds "9"]
[EventCountry "AUS"]
[SourceTitle "CBM 193 Extra"]
[Source "ChessBase"]
[SourceDate "2020.01.31"]
[SourceVersion "1"]
[SourceVersionDate "2020.01.31"]
[SourceQuality "1"]

1. d4 d5 2. Bf4 Nf6 3. e3 Bf5 4. Nf3 e6 5. c3 c5 6. Qb3 b6 7. Bb5+ Nbd7 8. Ne5 cxd4 9. exd4 a6 10. Bc6 Rc8 11. Bg5 Rxc6 12. Nxc6 Qc7 13. Nb4 a5 14. Nc2 Bd6 15. Nd2 Qc6 16. Na3 0-0 17. 0-0 Bd3 18. Rfe1 a4 19. Qd1 Bxa3 20. bxa3 Qxc3 21. Qxa4 Bc2 22. Qb4 Qc6 23. Rac1 h6 24. Bf4 Rc8 25. Nb3 Qa8 26. Na1 Bg6 27. Rxc8+ Qxc8 28. Rc1 Qa6 29. Qc3 1-0

[Event "World ol U16"]
[Site "Corum"]
[Date "2019.11.04"]
[Round "8.22"]
[White "Chuersakul, Sarocha"]
[Black "Watkins, Rachel Jane"]
[Result "1-0"]
[WhiteElo "1645"]
[BlackElo "1212"]
[PlyCount "107"]
[EventDate "2019.10.29"]
[EventType "team-swiss"]
[EventRounds "9"]
[EventCountry "TUR"]
[SourceTitle "CBM 192 Extra"]
[Source "Chessbase"]
[SourceDate "2019.11.06"]
[SourceVersion "1"]
[SourceVersionDate "2019.11.06"]
[SourceQuality "1"]
[WhiteTeam "Thailand"]
[BlackTeam "Australia"]
[WhiteTeamCountry "THA"]
[BlackTeamCountry "AUS"]

1. d4 d5 2. c4 e6 3. g3 Nf6 4. Nf3 b6 5. cxd5 exd5 6. Bg2 Bb7 7. 0-0 Be7 8. Nc3 0-0 9. Nh4 Re8 10. Nf5 Bf8 11. Bg5 c6 12. Qc2 h6 13. Bf4 Bc8 14. Rac1 Bxf5 15. Qxf5 Bd6 16. Be5 Qe7 17. Bxf6 Qxf6 18. Qxf6 gxf6 19. e4 dxe4 20. Nxe4 Re6 21. d5 cxd5 22. Nxd6 Rxd6 23. Rc8+ Kg7 24. Re1 Re6 25. Rd1 Rc6 26. Rd8 a5 27. Bxd5 Ra7 28. Bxc6 Nxc6 29. R8d6 Ne5 30. Rxb6 Nc4 31. Rb5 Ne5 32. b3 a4 33. b4 Ng4 34. Ra5 Rc7 35. Rc5 Rb7 36. a3 Re7 37. h3 Ne5 38. Kg2 Re6 39. f4 Ng6 40. f5 Re2+ 41. Kf3 Ra2 42. fxg6 Rxa3+ 43. Kf4 Kxg6 44. Ra5 Kg7 45. b5 Rb3 46. Rd4 Kg6 47. Rdxa4 Kg7 48. h4 Kg6 49. Rc4 Rb2 50. g4 Rf2+ 51. Kg3 Rb2 52. h5+ Kg7 53. Rf4 Rb3+ 54. Kh4 1-0

[Event "World ol U16"]
[Site "Corum"]
[Date "2019.11.01"]
[Round "5.22"]
[White "Ali Askarov, Ali Nur"]
[Black "Watkins, Rachel Jane"]
[Result "0-1"]
[WhiteElo "1109"]
[BlackElo "1212"]
[PlyCount "101"]
[EventDate "2019.10.29"]
[EventType "team-swiss"]
[EventRounds "9"]
[EventCountry "TUR"]
[SourceTitle "CBM 192 Extra"]
[Source "Chessbase"]
[SourceDate "2019.11.06"]
[SourceVersion "1"]
[SourceVersionDate "2019.11.06"]
[SourceQuality "1"]
[WhiteTeam "Kyrgyzstan"]
[BlackTeam "Australia"]
[WhiteTeamCountry "KGZ"]
[BlackTeamCountry "AUS"]

1. e4 e5 2. Nf3 Nc6 3. Bb5 a6 4. Bxc6 dxc6 5. Nxe5 Qd4 6. Nf3 Qxe4+ 7. Qe2 Qxe2+ 8. Kxe2 Bf5 9. d3 0-0-0 10. Re1 Bc5 11. Kf1 Nf6 12. Bg5 Rhe8 13. Nc3 h6 14. Bf4 g5 15. Be5 Ng4 16. Bg3 Rg8 17. Ne5 f6 18. h3 Nxe5 19. Bxe5 fxe5 20. Rxe5 Bxd3+ 21. cxd3 Bd4 22. Re6 Bxc3 23. bxc3 Rxd3 24. Rc1 Rd6 25. Re7 Rf8 26. Rce1 Kd8 27. R1e5 Rd2 28. f3 Rxa2 29. Rh7 Ra1+ 30. Kf2 Re8 31. Rf5 Rb1 32. Rff7 a5 33. Rd7+ Kc8 34. Rxc7+ Kb8 35. Rcd7 a4 36. Rd4 a3 37. Ra4 Rb2+ 38. Kg3 a2 39. Rd7 Ree2 40. Kg4 Rxg2+ 41. Kh5 Rg3 42. Rd8+ Kc7 43. Rad4 Rxh3+ 44. Kg4 Rh4+ 45. Kf5 a1Q 46. R4d7+ Kb6 47. Rb8 Rb5+ 48. Ke6 Qe1+ 49. Kf7 Rf5+ 50. Kg6 Qe6+ 51. Kh7 0-1

[Event "World ol U16"]
[Site "Corum"]
[Date "2019.10.30"]
[Round "2.22"]
[White "Watkins, Rachel Jane"]
[Black "Ding, Dao En"]
[Result "1-0"]
[WhiteElo "1212"]
[BlackElo "1731"]
[PlyCount "113"]
[EventDate "2019.10.29"]
[EventType "team-swiss"]
[EventRounds "9"]
[EventCountry "TUR"]
[SourceTitle "CBM 192 Extra"]
[Source "Chessbase"]
[SourceDate "2019.11.06"]
[SourceVersion "1"]
[SourceVersionDate "2019.11.06"]
[SourceQuality "1"]
[WhiteTeam "Australia"]
[BlackTeam "Malaysia II"]
[WhiteTeamCountry "AUS"]
[BlackTeamCountry "MAS"]

1. e4 c5 2. Nf3 d6 3. d4 Nf6 4. Nc3 cxd4 5. Nxd4 e5 6. Nf3 Nc6 7. Bc4 Be7 8. h3 0-0 9. 0-0 a6 10. Be3 Qc7 11. Re1 b5 12. Nd5 Nxd5 13. Bxd5 Bb7 14. a3 Na5 15. Bxb7 Qxb7 16. Qd3 Nc4 17. b3 Nxe3 18. Qxe3 Rac8 19. Qd3 Rc7 20. a4 b4 21. Rac1 Rc3 22. Qd2 Rfc8 23. Re3 Rxe3 24. Qxe3 Rc3 25. Qe2 Qc6 26. Ne1 Rxb3 27. Nd3 Bg5 28. cxb3 Bxc1 29. Nxb4 Qc3 30. Qc2 Qxc2 31. Nxc2 a5 32. Kf1 g6 33. Ke2 f5 34. f3 f4 35. Kd3 Kf7 36. Kc4 Ke6 37. Kb5 Bd2 38. Na3 d5 39. exd5+ Kxd5 40. Nc4 Be3 41. Kxa5 g5 42. Ka6 h5 43. a5 e4 44. Nb6+ Kc6 45. fxe4 g4 46. Nc4 gxh3 47. gxh3 Bc5 48. Ne5+ Kd6 49. Nd3 f3 50. e5+ Kc6 51. e6 f2 52. Nxf2 Bxf2 53. e7 Kd7 54. Kb7 Kxe7 55. a6 Kd6 56. b4 Kd7 57. b5 1-0

[Event "World ol U16"]
[Site "Corum"]
[Date "2019.10.29"]
[Round "1.22"]
[White "Laurincova, Kristyna"]
[Black "Watkins, Rachel Jane"]
[Result "1-0"]
[WhiteElo "2006"]
[BlackElo "1212"]
[PlyCount "35"]
[EventDate "2019.10.29"]
[EventType "team-swiss"]
[EventRounds "9"]
[EventCountry "TUR"]
[SourceTitle "CBM 192 Extra"]
[Source "Chessbase"]
[SourceDate "2019.11.06"]
[SourceVersion "1"]
[SourceVersionDate "2019.11.06"]
[SourceQuality "1"]
[WhiteTeam "Czech Republic"]
[BlackTeam "Australia"]
[WhiteTeamCountry "CZE"]
[BlackTeamCountry "AUS"]

1. e4 e5 2. Nf3 Nc6 3. Bb5 Nf6 4. 0-0 d6 5. Re1 Bg4 6. d4 exd4 7. e5 dxe5 8. Nxe5 Be6 9. Qf3 Rc8 10. Bxc6+ bxc6 11. Qxc6+ Nd7 12. Nxf7 Qe7 13. Rxe6 Kxf7 14. Rxe7+ Kxe7 15. Bg5+ Nf6 16. Nd2 h6 17. Re1+ Kf7 18. Qe6+ 1-0

[Event "London Chess Classic op 10th"]
[Site "London"]
[Date "2018.12.09"]
[Round "1"]
[White "Watkins, Rachel Jane"]
[Black "Fernando, Manel"]
[Result "1-0"]
[WhiteElo "1188"]
[BlackElo "1555"]
[PlyCount "95"]
[EventDate "2018.12.09"]
[EventType "swiss"]
[EventRounds "5"]
[EventCountry "ENG"]
[SourceTitle "EXT 2021"]
[Source "ChessBase"]
[SourceDate "2020.10.23"]
[SourceVersion "1"]
[SourceVersionDate "2020.10.23"]
[SourceQuality "1"]

1. e4 e5 2. Nf3 Nc6 3. Bc4 Be7 4. Nc3 d6 5. h3 Nf6 6. 0-0 Nxe4 7. Nxe4 d5 8. Bd3 dxe4 9. Bxe4 Bd6 10. Bxc6+ bxc6 11. Nxe5 Bxe5 12. Re1 0-0 13. Rxe5 Qf6 14. d4 Be6 15. Bg5 Qg6 16. h4 Bd5 17. h5 Qd6 18. Be7 Qd7 19. Bxf8 Rxf8 20. Qe2 h6 21. Re7 Qd6 22. Qe5 Qb4 23. b3 Qc3 24. Rc1 Qd2 25. Qe3 Qa5 26. a4 Be6 27. Rxe6 fxe6 28. Qxe6+ Kh8 29. Qxc6 Qd2 30. Rf1 Qxd4 31. Qxc7 Rf4 32. c3 Qf6 33. Qxa7 Rh4 34. Qd7 Qf4 35. g3 Rg4 36. Re1 Rxg3+ 37. Kf1 Kh7 38. a5 Rf3 39. Qd4 Qf7 40. Qe4+ Rf5 41. a6 Qxh5 42. a7 Qh3+ 43. Ke2 Qh5+ 44. Kd2 Qg6 45. a8Q Rxf2+ 46. Re2 Rf5 47. Qxf5 Qxf5 48. Qe4 1-0